Sentencia y voto reservado recaídos en la causa seguida ante la Audiencia de La Habana contra don Florentino Villa y otros por muerte de don Antonio Casademunt. (Record no. 190259)

MARC details
000 -LEADER
campo de control de longitud fija 00551nam a2200145 i 4500
001 - NÚMERO DE CONTROL
campo de control 190259
003 - IDENTIFICADOR DE NÚMERO DE CONTROL
campo de control ES-MaACL
005 - FECHA Y HORA DE LA ÚLTIMA TRANSACCIÓN
campo de control 20230906223700.0
008 - DATOS DE LONGITUD FIJA--INFORMACIÓN GENERAL
campo de control de longitud fija 201002s1893 sp |||| | spa d
100 1# - ENTRADA PRINCIPAL--NOMBRE DE PERSONA
Nombre de persona Villa y Olivera, Florentino.
9 (RLIN) 133730
245 10 - MENCIÓN DEL TÍTULO
Título Sentencia y voto reservado recaídos en la causa seguida ante la Audiencia de La Habana contra don Florentino Villa y otros por muerte de don Antonio Casademunt.
260 ## - PUBLICACIÓN, DISTRIBUCIÓN, ETC.
Lugar de publicación, distribución, etc. Madrid :
Nombre del editor, distribuidor, etc. [s.n.],
Fecha de publicación, distribución, etc. 1893 (
Fabricante Hijos de M. G. Hernández)
300 ## - DESCRIPCIÓN FÍSICA
Extensión 16 p. ;
Dimensiones 23 cm.
852 ## - LOCALIZACIÓN
Ubicación ES-MaACL
Número de control de estantería T-691-F-6
Holdings
Estatus retirado Estado de pérdida Estado de daño No para préstamo Colección Biblioteca de origen Biblioteca actual Ubicación en estantería Fecha de adquisición Fuente de adquisición Total de préstamos Signatura topográfica completa Código de barras Visto por última vez Precio de reemplazo Tipo de ítem Koha
        Colección de folletos Biblioteca del Ateneo de Madrid Biblioteca del Ateneo de Madrid Depósito folletos 06/06/2005     T-691-F-6 1202100 23/02/2023 23/02/2023 Folleto